Pozitíva a negatíva automobilového priemyslu

Historické koreňe automobilového priemyslu. Automobilový priemysel ako odvetvie na Slovensku. Pozitíva a negatíva automobilového priemyslu.

Saved in:
Bibliographic Details
Main Author: Nováková, Renáta
Format: Book Chapter
Language:Slovak
Subjects:
Tags: Add Tag
No Tags, Be the first to tag this record!

MARC

LEADER 00000naa$a2200000$$$4500
001 0040397
005 20231013084009.9
041 0 |a slo 
044 |a SK 
245 1 0 |a Pozitíva a negatíva automobilového priemyslu  |c Renáta Nováková 
520 |a Historické koreňe automobilového priemyslu. Automobilový priemysel ako odvetvie na Slovensku. Pozitíva a negatíva automobilového priemyslu. 
610 2 0 |a história 
610 2 0 |a priemysel automobilový 
610 2 0 |a Slovensko 
610 2 0 |a investície 
610 2 0 |a investori 
610 2 0 |a rast hospodársky 
100 1 |a Nováková, Renáta